000 00629nam a2200253 a 4500
001 nice12345678
003 IN_TiNIC
005 20260116011503.0
008 050524s1965 naga grp 000 0 eng
020 _a
_c100
082 0 0 _a206
_bBAA
100 _aBaago, K
245 _aHistory of the National Christian Council of India 1914-1964
260 _aNagpur
_bNational Council of Churches
_c1965
300 _a88p
500 _aincludes index and biblioraphy
505 2 _aIndex
650 _aNcci-India
650 _aChristianity-India
700 1 _aBaago, K
902 _bSRS
942 _cBK
999 _c1981
_d1981